Guess the Movie/TV Show - Pixelated Images #2 - Statistics

General Stats
  • This quiz has been taken 78 times
    65 since last reset
  • The average score is 12 of 15
Answer Stats
Picture Hint Answer % Correct
1990 Home Alone
95%
2018 Spider-Man: Into the Spider-Verse
95%
2017 IT
93%
2016–present Stranger Things
93%
2018 Venom
90%
1972 The Godfather
88%
1984 The Terminator
88%
2016 Doctor Strange
86%
1976 Rocky
86%
1980 The Shining
84%
1979 Alien
83%
1987 RoboCop
78%
1962 Dr. No
74%
2009 Watchmen
33%
1991 Boyz n the Hood
21%
No matching quizzes found
Score Distribution
Percent of People with Each Score
Percentile by Number Answered
Your Score History
You have not taken this quiz since the last reset